Návrh variabilného kompresného pomeru spaľovacieho motora
Gespeichert in:
| 1. Verfasser: | |
|---|---|
| Weitere Verfasser: | |
| Format: | Manuskript Buch |
| Sprache: | Slowakisch |
| Veröffentlicht: |
2019
|
| Schlagworte: | |
| Online-Zugang: | http://is.stuba.sk/zp/portal_zp.pl?podrobnosti=146028 |
| Tags: |
Keine Tags, Fügen Sie das erste Tag hinzu!
|
MARC
| LEADER | 00000ntm a22000003a 4500 | ||
|---|---|---|---|
| 001 | stuzp68958 | ||
| 003 | SK-STU | ||
| 005 | 20190608210623.8 | ||
| 007 | ta | ||
| 008 | 150427s2015----xo-----f-mn---000-0-slo-d | ||
| 040 | |a STU |b slo | ||
| 041 | 0 | |a slo | |
| 100 | 1 | |a Januschke, Tomáš |u 020030 |4 aut |U SjF Strojnícka fakulta |T SjF Ústav dopravnej techniky a konštruovania |X 81400 |U J0030 |Y 806 |7 81400 | |
| 242 | 0 | 1 | |a Design of variable compression ratio of combustion engine |y eng |
| 245 | 1 | 0 | |a Návrh variabilného kompresného pomeru spaľovacieho motora |
| 260 | |c 2019 | ||
| 650 | 4 | |a účinnosť |2 slo | |
| 650 | 4 | |a excentrický čap |2 slo | |
| 650 | 4 | |a zážihový motor |2 slo | |
| 650 | 4 | |a kompresný pomer |2 slo | |
| 650 | 4 | |a compression ratio |2 eng | |
| 650 | 4 | |a efficiency |2 eng | |
| 650 | 4 | |a excentric pivot |2 eng | |
| 650 | 4 | |a spark ignition engine |2 eng | |
| 700 | 1 | |a Chríbik, Andrej |u 020030 |k Z1 |4 ths |U SjF Strojnícka fakulta |T SjF Ústav dopravnej techniky a konštruovania |X 26808 |U J0030 |Y 806 |7 A000026808 | |
| 856 | 4 | |u http://is.stuba.sk/zp/portal_zp.pl?podrobnosti=146028 | |